| 000 | 004950000a22001690004500 | ||
|---|---|---|---|
| 041 | 0 | _aENG | |
| 082 | 0 | 4 | _aG 266.07 V873t |
| 100 | 1 | _aVoelkel, Jack | |
| 245 | 1 | 0 | _aTeaching missiology in the Biblical Seminary of Colombia : A study in Latin American contextualization / Jack Voelkel |
| 260 | _aAnn Arbor, MI., USA : UMI | ||
| 300 | _a404 Pag | ||
| 001 | 7586 | ||
| 942 | _cBK | ||
| 999 |
_c37793 _d37793 |
||
| 336 |
_atexto _btxt _2rdacontent |
||
| 337 |
_2rdamedia _asin mediación _bn |
||
| 338 |
_2rdacarrier _avolumen _bnc |
||